Plant Biotechnology. Current and Future Applications of Genetically Modified Crops

Chi tiết về thư mục
Tác giả khác: Halford N. G. Nigel (редактор)
Ngôn ngữ:Tiếng Anh
Được phát hành: New Jersey, John Wiley & Sons, Inc., 2006
Những chủ đề:
Định dạng: Sách
KOHA link:https://koha.lib.tpu.ru/cgi-bin/koha/opac-detail.pl?biblionumber=140308

MARC

LEADER 00000nam0a2200000 4500
001 140308
005 20231101220839.0
010 |a 0470021810 
035 |a (RuTPU)RU\TPU\book\152006 
090 |a 140308 
100 |a 20080625d2006 k y0engy50 ba 
101 0 |a eng 
102 |a US 
105 |a a z 001zy 
200 1 |a Plant Biotechnology. Current and Future Applications of Genetically Modified Crops  |f Edited by N. G. Halford 
210 |a New Jersey  |c John Wiley & Sons, Inc.  |d 2006 
215 |a 303 p.  |c il. 
320 |a Библиография в конце глав. 
320 |a Index: p. 295-303. 
606 |a Генная инженерия  |2 stltpush  |3 (RuTPU)RU\TPU\subj\80738  |9 88339 
610 1 |a биология 
610 1 |a биоматериалы 
610 1 |a биотехнологии 
610 1 |a английский язык 
610 1 |a генетически модифицированные растения 
675 |a 602  |v 3 
702 1 |a Halford  |b N. G.  |g Nigel  |4 340 
801 1 |a RU  |b 63413507  |c 20080625  |g PSBO 
801 2 |a RU  |b 63413507  |c 20220802  |g PSBO 
942 |c BK